000 00512nam a2200169Ia 4500
008 090201s9999 xx 000 0 und d
010 _aKPL-62270
040 _bमराठी
041 _aमराठी
082 _a35198
_b62270
100 _aशिरीष कणेकर
245 _aइरसालकी
_cशिरीष कणेकर
260 _c2004
_bश्रीकल्प प्रकाशन
300 _a200
_bमोठा
600 _aइरसालकी
942 _cBOOK
999 _c233340
_d233340